| 000 | 01157nam a22002657a 4500 | ||
|---|---|---|---|
| 999 |
_c64072 _d64072 |
||
| 005 | 20240530110713.0 | ||
| 008 | 180213s2015 ua g b 000 0 ara d | ||
| 017 |
_a2015/14572 _bمصر. دار الكتب |
||
| 020 | _a9789773223649 | ||
| 040 |
_aEG-CaGPL _cEG-CaGPL |
||
| 082 | 0 | 4 |
_221 _a953.0962 / _bق / ع ج |
| 100 | 0 | _aعصمت محمد حسن | |
| 245 | 1 | 2 |
_aالجبرتى وعصره : _bدراسة فى التاريخ الاجتماعى لمصر العثمانية / _cتاليف عصمت محمد حسن |
| 250 | _aط. 1 | ||
| 260 |
_aالقاهرة : _c2015. _bعين للدراسات و البحوث الانسانية و الاجتماعية، |
||
| 300 |
_a352 ص. ؛ _c24 سم. |
||
| 504 | _aيشتمل على ارجاعات ببليوجرافية | ||
| 600 | 0 | _aالجبرتى | |
| 650 | 0 | 7 |
_2qrmak _aالامبراطورية العثمانية |
| 650 | 0 | 7 |
_2qrmak _aالعثمانيون |
| 651 | 0 | 7 |
_2qrmak _aمصر _xتاريخ _yعصر المماليك ( 1250 - 1517 م ) |
| 651 | 0 | 7 |
_2qrmak _aمصر _xتاريخ _yالعصر العثمانى ( 1517 - 1914 م ) |
| 942 |
_2ddc _cBK |
||